000 00313 a2200145 4500
001 65572
040 _cAnchieta - Pituba
100 _aRita Helena Bröckelmann
240 1 0 _aAtitudes para a vida
_lpor
245 1 0 _aAtitudes para a vida
300 _a56
362 0 _a2018
650 4 _aEducação
942 _cBK
999 _c65572
_d65572